| 000 | 00448nam a2200181Ia 4500 | ||
|---|---|---|---|
| 008 | 240925s9999 xx 000 0 und d | ||
| 020 | _a470208937 | ||
| 082 | _a670.427 APP | ||
| 100 | _aAppleton, E | ||
| 245 | 0 | _aIndustrial Robot Applications | |
| 250 | _aNA | ||
| 260 |
_aNew York: _bHUNGRY Minds _c,1987. |
||
| 300 |
_ax,469p. _bNA _fOriginal |
||
| 500 | _aIncludes Index | ||
| 600 | _aSocial Sciences | ||
| 650 | _aManagement | ||
| 942 | _cBK | ||
| 999 |
_c3204 _d3204 |
||